000 00226nam a2200097Ia 4500
008 240331s9999 xx 000 0 und d
082 _bTHI
100 _aThiruchandran, S
245 0 _aIdeology caste, class and gender
942 _cL
999 _c1716
_d1716